| 000 | 01879 a2200253 4500 | ||
|---|---|---|---|
| 001 | 41195 | ||
| 005 | 20260407155706.0 | ||
| 008 | 260407a1996 arg spa d | ||
| 003 | AR-UNSa-BCEJYS | ||
| 040 |
_aAR-UNSa-BCEJYS _bspa _cAR-UNSa-BCEJYS |
||
| 080 |
_a347.72 _xSociedades comerciales |
||
| 245 | 1 | 0 |
_aLei das sociedades por ações do Brasil : Lei nº 6.404 de 15 de dezembro de 1976 _nLey de Sociedades por Acciones del Brasil : Ley nº 6404 de 15 de diciembre de 1976 |
| 020 | _a950-894-054-9 | ||
| 264 | 1 |
_aBuenos Aires : _bAD-HOC _c1996 |
|
| 300 |
_a199 p. _c23 cm. |
||
| 505 | _aLey 6.404 del 15 de diciembre de 1976: dispone sobre las sociedades por acciones: 1. características y naturaleza de la compañía o sociedad anónima - 2. capital social - 3. acciones - 4. partes beneficiarias - 5. debentures - 6. bonos de suscripción - 7. constitución de la compañía - 8. formalidades complementarias de la constitución - 9. libros sociales - 10. accionistas - 11. asamblea general - 12. consejo de administración y directorio - 13. consejo fiscal - 14. modificación del capital social - 15. ejercicio social y demostraciones financieras - 16. lucros, reservas y dividendos - 17. disolución, liquidación y extinción - 18. transformación, incorporación, fusión y separación - 19. sociedades de economía mixta - 20. sociedades coligadas, controladoras y controladas - 21. grupo de sociedades - 22. consorcio - 23. sociedades en comandita por acciones - 24. plazos de prescripción - 25. disposiciones generales - 26. disposiciones transitorias | ||
| 041 | _aspa | ||
| 942 | _cBK | ||
| 590 | _aniveau_biblio:m niveau_hierar:0 | ||
| 100 | 1 | _aCalderón, Marta S. | |
| 700 | 1 | _aBrasil [Leyes, etc.] | |
| 700 | 1 | _aFavier Dubois, Eduardo Mario (h) | |
| 856 | 4 | 1 |
_uhttps://biblioeco.unsa.edu.ar/pmb/images/libros/L126433.jpg _yImagen de portada _qimage/jpeg |
| 999 |
_c3414 _d3414 |
||